[Event "Belleuve Chess 2012"]
[Site "Alcudia ESP"]
[Date "2012.10.20"]
[Round "7.7"]
[White "Botelho Luis, Miguel Rodrig"]
[Black "Sanchez Rodriguez, Francisc"]
[Result "1-0"]
[WhiteElo "1972"]
[BlackElo "1933"]
[PlyCount "49"]
[EventDate "2012.10.14"]
[EventType "swiss"]
[EventRounds "9"]
[EventCountry "ESP"]
[Source "lmi"]
[SourceDate "2012.10.14"]

1. e4 c5 2. Nc3 d6 3. f4 Nc6 4. Nf3 g6 5. Bc4 Bg7 6. O-O Nf6 7. d3 a6 8. a4 Bg4
9. Be3 Nd4 10. Bxd4 cxd4 11. e5 dxc3 12. exf6 Bxf6 13. Bxf7+ Kxf7 14. Ng5+ Bxg5
15. fxg5+ Bf5 16. g4 Qb6+ 17. d4 cxb2 18. Rb1 e6 19. gxf5 exf5 20. Qd3 Rhf8 21.
c3 Rae8 22. Rf2 Re7 23. Qc4+ Kg7 24. Rfxb2 Re1+ 25. Kf2 1-0

[Event "Belleuve Chess 2012"]
[Site "Alcudia ESP"]
[Date "2012.10.20"]
[Round "7.8"]
[White "Adeyemi, Adedeji"]
[Black "Diez Jover, Alberto"]
[Result "1-0"]
[WhiteElo "1997"]
[BlackElo "1891"]
[PlyCount "148"]
[EventDate "2012.10.14"]
[EventType "swiss"]
[EventRounds "9"]
[EventCountry "ESP"]
[Source "lmi"]
[SourceDate "2012.10.14"]

1. Nf3 Nf6 2. g3 b6 3. Bg2 Bb7 4. O-O c5 5. c4 e6 6. Nc3 d6 7. d4 cxd4 8. Nxd4
Bxg2 9. Kxg2 Qd7 10. Bg5 Be7 11. e3 Nc6 12. Qe2 O-O 13. Rfd1 a6 14. Rac1 h6 15.
Bxf6 Bxf6 16. a4 Rac8 17. Ne4 Be7 18. b3 Ne5 19. f4 Qb7 20. fxe5 Qxe4+ 21. Qf3
Qxf3+ 22. Nxf3 dxe5 23. Nxe5 Rfd8 24. Kf3 Bf6 25. Nd7 b5 26. Nxf6+ gxf6 27.
Rxd8+ Rxd8 28. cxb5 axb5 29. axb5 Rd5 30. Rc8+ Kg7 31. b6 Rb5 32. Rb8 Rxb3 33.
Ke4 Rc3 34. Kd4 Rc6 35. b7 Rb6 36. Kc5 Rb1 37. Kd6 Rd1+ 38. Ke7 Rb1 39. e4 e5
40. Kd6 Rd1+ 41. Kc5 Rc1+ 42. Kb4 Rb1+ 43. Kc3 Rb6 44. Kd2 Rb2+ 45. Ke3 Rb3+
46. Kf2 Rb2+ 47. Kf3 h5 48. Ke3 Rb3+ 49. Kf2 Rb2+ 50. Kf3 Rb3+ 51. Kg2 Rb4 52.
Kh3 Rb2 53. g4 hxg4+ 54. Kxg4 Rg2+ 55. Kf3 Rb2 56. h4 Rb3+ 57. Kg4 Rb1 58. h5
Rg1+ 59. Kf3 Rf1+ 60. Ke3 Rb1 61. Kd3 Rb6 62. Kc4 Rb1 63. Kc5 Rc1+ 64. Kd6 Rb1
65. Ke7 f5 66. h6+ Kh7 67. exf5 e4 68. Kxf7 e3 69. Kf6 e2 70. Re8 Rxb7 71. Rxe2
Rb6+ 72. Kg5 Rb5 73. Re7+ Kg8 74. Kf6 Rb1 1-0

[Event "Belleuve Chess 2012"]
[Site "Alcudia ESP"]
[Date "2012.10.20"]
[Round "7.9"]
[White "Achtmann, Armin"]
[Black "Perez Gandesa, Jose Antonio"]
[Result "1-0"]
[WhiteElo "1978"]
[BlackElo "1881"]
[PlyCount "87"]
[EventDate "2012.10.14"]
[EventType "swiss"]
[EventRounds "9"]
[EventCountry "ESP"]
[Source "lmi"]
[SourceDate "2012.10.14"]

1. b4 Nf6 2. Bb2 e6 3. b5 d5 4. Nf3 c5 5. e3 c4 6. d3 Qa5+ 7. Bc3 Bb4 8. Qd2
Bxc3 9. Qxc3 Qxc3+ 10. Nxc3 cxd3 11. cxd3 Nbd7 12. Be2 b6 13. O-O Bb7 14. d4
Rc8 15. Rac1 O-O 16. Bd3 Rc7 17. Ne2 Rfc8 18. Rxc7 Rxc7 19. Rc1 Rxc1+ 20. Nxc1
Ne4 21. Ne2 f6 22. Ne1 Kf7 23. Nc2 Nd6 24. Nb4 Nb8 25. Kf1 Nc4 26. Nc3 a5 27.
Nc2 Nd7 28. Bxc4 dxc4 29. Na3 e5 30. Nxc4 exd4 31. exd4 Ke6 32. f3 Bd5 33. Ne3
Bb7 34. Ke2 g6 35. Kd3 f5 36. a3 f4 37. Nc4 Bd5 38. Nxd5 Kxd5 39. h4 h6 40. a4
h5 41. Nd2 Nf8 42. Ne4 Nh7 43. Nc3+ Kd6 44. Ke4 1-0

[Event "Belleuve Chess 2012"]
[Site "Alcudia ESP"]
[Date "2012.10.20"]
[Round "7.10"]
[White "Gutierrez Abarrategui, Luis"]
[Black "Gonzalez Pabollet, Jesus Ma"]
[Result "0-1"]
[WhiteElo "1861"]
[BlackElo "1962"]
[PlyCount "58"]
[EventDate "2012.10.14"]
[EventType "swiss"]
[EventRounds "9"]
[EventCountry "ESP"]
[Source "lmi"]
[SourceDate "2012.10.14"]

1. f4 Nc6 2. Nf3 d5 3. d4 Bf5 4. c3 e6 5. e3 Bd6 6. Bd3 Nge7 7. O-O O-O 8. Qc2
Qe8 9. e4 dxe4 10. Bxe4 Bxe4 11. Qxe4 Nd5 12. Ne5 Nce7 13. Nd2 c6 14. Rf3 Nf5
15. g4 Nf6 16. Qd3 Bxe5 17. gxf5 Bc7 18. Ne4 Nxe4 19. Qxe4 exf5 20. Qxf5 Qe2
21. Rf2 Qe1+ 22. Rf1 Qe2 23. Qd7 Rac8 24. Qh3 Rce8 25. b3 Re6 26. f5 Re4 27.
Ba3 Rfe8 28. f6 Rg4+ 29. Kh1 Re3 0-1

[Event "Belleuve Chess 2012"]
[Site "Alcudia ESP"]
[Date "2012.10.20"]
[Round "7.11"]
[White "Fullana Benito, David"]
[Black "Rios Torondell, Jaume"]
[Result "0-1"]
[WhiteElo "1813"]
[BlackElo "1944"]
[PlyCount "73"]
[EventDate "2012.10.14"]
[EventType "swiss"]
[EventRounds "9"]
[EventCountry "ESP"]
[Source "lmi"]
[SourceDate "2012.10.14"]

1. d4 e5 2. d5 c6 3. e4 cxd5 4. exd5 Bc5 5. c3 d6 6. b4 Bb6 7. Bb5+ Bd7 8. Qa4
Qh4 9. Bxd7+ Nxd7 10. Qc2 Qc4 11. Nf3 Ngf6 12. Nbd2 Qxd5 13. O-O O-O 14. c4 Qc6
15. Bb2 Rac8 16. Rad1 Rfe8 17. Rfe1 Ng4 18. Re2 Ndf6 19. h3 Nxf2 20. Rxf2 Bxf2+
21. Kxf2 Qb6+ 22. Kg3 Qxb4 23. Qb3 Qxb3 24. axb3 Nh5+ 25. Kh2 e4 26. Nd4 e3 27.
N2f3 Nf4 28. Ne1 d5 29. g3 e2 30. Rd2 dxc4 31. bxc4 Ne6 32. Nb5 Rxc4 33. Nxa7
Rc5 34. g4 Ra5 35. Nf3 Rxa7 36. Bd4 Ra3 37. Kg2 0-1

[Event "Belleuve Chess 2012"]
[Site "Alcudia ESP"]
[Date "2012.10.20"]
[Round "7.12"]
[White "Kopischke, Maik"]
[Black "Westerweele, Henrik"]
[Result "1/2-1/2"]
[WhiteElo "1867"]
[BlackElo "1942"]
[PlyCount "23"]
[EventDate "2012.10.14"]
[EventType "swiss"]
[EventRounds "9"]
[EventCountry "ESP"]
[Source "lmi"]
[SourceDate "2012.10.14"]

1. d4 e6 2. Nf3 f5 3. g3 Nf6 4. Bg2 Be7 5. O-O O-O 6. Nbd2 d6 7. b3 Qe8 8. Bb2
Nc6 9. c4 Ne4 10. e3 Nxd2 11. Qxd2 Bf6 12. Ne1 1/2-1/2

[Event "Belleuve Chess 2012"]
[Site "Alcudia ESP"]
[Date "2012.10.20"]
[Round "7.13"]
[White "Kehloul Gutierrez, Sadek"]
[Black "Castrillon Otero, Javier"]
[Result "0-1"]
[WhiteElo "1776"]
[BlackElo "1897"]
[PlyCount "73"]
[EventDate "2012.10.14"]
[EventType "swiss"]
[EventRounds "9"]
[EventCountry "ESP"]
[Source "lmi"]
[SourceDate "2012.10.14"]

1. e4 e5 2. Nf3 Nc6 3. d4 exd4 4. Nxd4 Qh4 5. Qd3 Nf6 6. Nxc6 dxc6 7. Nd2 Bc5
8. g3 Qg4 9. Be2 Qh3 10. Bf1 Qg4 11. Be2 Qh3 12. Bf1 Qe6 13. f3 O-O 14. Nb3 Be7
15. Bf4 Nd5 16. Qd2 Nxf4 17. gxf4 Bh4+ 18. Kd1 Rd8 19. Bd3 b6 20. Ke2 c5 21.
Qc3 Qf6 22. Qxf6 Bxf6 23. e5 Be7 24. Be4 Rb8 25. c4 a5 26. a4 Be6 27. Nd2 g6
28. Rag1 Rd4 29. b3 Rbd8 30. Nb1 Kf8 31. Rd1 Rxe4+ 32. fxe4 Bg4+ 33. Ke3 Rxd1
34. Rxd1 Bxd1 35. Nd2 h6 36. Kf2 Bh4+ 37. Ke3 0-1

[Event "Belleuve Chess 2012"]
[Site "Alcudia ESP"]
[Date "2012.10.20"]
[Round "7.14"]
[White "Suuronen, Petri"]
[Black "Rodriguez Sanchez, Rafael"]
[Result "1-0"]
[WhiteElo "1894"]
[BlackElo "1809"]
[PlyCount "47"]
[EventDate "2012.10.14"]
[EventType "swiss"]
[EventRounds "9"]
[EventCountry "ESP"]
[Source "lmi"]
[SourceDate "2012.10.14"]

1. Nf3 Nf6 2. g3 g6 3. Bg2 Bg7 4. O-O O-O 5. d3 d6 6. e4 Nc6 7. c3 Bg4 8. h3
Bd7 9. Nbd2 Qc8 10. Kh2 e5 11. a4 h6 12. Nc4 Nd8 13. Ne1 Ne6 14. f4 Ne8 15. f5
Ng5 16. Ne3 c6 17. Qb3 Kh8 18. Nf3 Nxf3+ 19. Rxf3 Nf6 20. Bd2 Qc7 21. Raf1 g5
22. Ng4 Kh7 23. Rh1 Rh8 24. Nxf6+ 1-0

[Event "Belleuve Chess 2012"]
[Site "Alcudia ESP"]
[Date "2012.10.20"]
[Round "7.15"]
[White "Contreras Cabot, Marc"]
[Black "Figuerola Campins, Antonio"]
[Result "0-1"]
[WhiteElo "1805"]
[BlackElo "1919"]
[PlyCount "120"]
[EventDate "2012.10.14"]
[EventType "swiss"]
[EventRounds "9"]
[EventCountry "ESP"]
[Source "lmi"]
[SourceDate "2012.10.14"]

1. e4 c5 2. Nf3 Nc6 3. d4 cxd4 4. Nxd4 g6 5. Be3 Bg7 6. Nc3 Nf6 7. Bc4 O-O 8.
f3 Qb6 9. Bb3 Nxe4 10. fxe4 Bxd4 11. Bh6 Bg7 12. Qd2 Qd4 13. O-O-O Qxd2+ 14.
Bxd2 Na5 15. Ba4 Nc4 16. Bg5 f6 17. Bh4 Ne3 18. Rd2 Bh6 19. Kb1 Nf5 20. exf5
Bxd2 21. Nd5 b5 22. Bb3 e6 23. Bxf6 gxf5 24. Be5 Bb7 25. Nf6+ Kf7 26. Nxd7 Rfd8
27. Nc5 Bd5 28. Rd1 Be3 29. Nd3 Bxb3 30. axb3 Rd5 31. Rf1 Bd4 32. Bc7 Rd7 33.
Ba5 Rg8 34. g3 Kf6 35. Re1 e5 36. Re2 e4 37. Nf4 Be5 38. Ng2 Rd1+ 39. Ka2 Bd4
40. Nf4 Rc8 41. Bb4 Rc6 42. c3 Ra6+ 43. Ba3 Bc5 44. b4 Bd6 45. Ng2 Be5 46. Kb3
Rad6 47. Kc2 Ke6 48. Rf2 R1d3 49. Re2 Rf3 50. Nh4 Rf1 51. Ng2 Bg7 52. Nf4+ Ke5
53. Rg2 Bh6 54. Ne2 Rd2+ 55. Kb3 Re1 56. Nd4 Rxg2 57. Nc6+ Kf6 58. Nxa7 e3 59.
Nxb5 Rd1 60. Nd4 Rxd4 0-1

[Event "Belleuve Chess 2012"]
[Site "Alcudia ESP"]
[Date "2012.10.20"]
[Round "7.16"]
[White "Maria Lopez, Jorge Luis"]
[Black "Hernandez Delgado, Gabriel"]
[Result "0-1"]
[WhiteElo "1877"]
[BlackElo "1987"]
[PlyCount "50"]
[EventDate "2012.10.14"]
[EventType "swiss"]
[EventRounds "9"]
[EventCountry "ESP"]
[Source "lmi"]
[SourceDate "2012.10.14"]

1. e4 d5 2. exd5 Nf6 3. Nc3 Nxd5 4. Nxd5 Qxd5 5. d4 Nc6 6. Nf3 Bg4 7. Be2 O-O-O
8. c4 Qe4 9. Be3 e5 10. d5 Bxf3 11. gxf3 Bb4+ 12. Kf1 Qh4 13. Kg2 Nd4 14. Bd3
Kb8 15. Qa4 Be7 16. Rhg1 Qh5 17. Rae1 Qxf3+ 18. Kf1 Qh3+ 19. Rg2 f5 20. Qd1 f4
21. Bxd4 f3 22. Rxe5 Qxg2+ 23. Ke1 Bb4+ 24. Bc3 Bxc3+ 25. bxc3 Rhe8 0-1

[Event "Belleuve Chess 2012"]
[Site "Alcudia ESP"]
[Date "2012.10.20"]
[Round "7.17"]
[White "Pelegri Castello, Elias"]
[Black "Romeu De La Cruz, Josep"]
[Result "1-0"]
[WhiteElo "1837"]
[BlackElo "1902"]
[PlyCount "81"]
[EventDate "2012.10.14"]
[EventType "swiss"]
[EventRounds "9"]
[EventCountry "ESP"]
[Source "lmi"]
[SourceDate "2012.10.14"]

1. Nf3 b5 2. g3 Bb7 3. Bg2 e6 4. b3 Nf6 5. O-O Be7 6. c4 a6 7. Nc3 b4 8. Na4
O-O 9. d3 c5 10. d4 d6 11. dxc5 dxc5 12. Be3 Nbd7 13. Bf4 a5 14. Ne5 Bxg2 15.
Kxg2 Ra6 16. Nxd7 Nxd7 17. Qc2 Qa8+ 18. Kg1 e5 19. Be3 Qc8 20. Rad1 Nf6 21. Bg5
h6 22. Bxf6 Rxf6 23. Qe4 Re6 24. Rd5 f5 25. Qe3 e4 26. Nxc5 f4 27. Qd4 Bf6 28.
Qd1 f3 29. exf3 exf3 30. Nxe6 Qxe6 31. Qxf3 Bd4 32. Qd3 Bf6 33. Rxa5 Qb6 34.
Qd5+ Kh8 35. Ra8 Rxa8 36. Qxa8+ Kh7 37. Qe4+ g6 38. Rd1 h5 39. h4 Qa6 40. Rd7+
Bg7 41. Qe7 1-0

[Event "Belleuve Chess 2012"]
[Site "Alcudia ESP"]
[Date "2012.10.20"]
[Round "7.18"]
[White "Wallace, Mitchel"]
[Black "Strand, Oyvin"]
[Result "1-0"]
[WhiteElo "1833"]
[BlackElo "1899"]
[PlyCount "105"]
[EventDate "2012.10.14"]
[EventType "swiss"]
[EventRounds "9"]
[EventCountry "ESP"]
[Source "lmi"]
[SourceDate "2012.10.14"]

1. e4 g6 2. Nc3 Bg7 3. d4 d6 4. f4 a6 5. Nf3 b5 6. Bd3 e6 7. O-O Ne7 8. Be3 O-O
9. Ne2 c6 10. Ng3 f5 11. c3 Qc7 12. Qb3 d5 13. exf5 Nxf5 14. Bxf5 exf5 15. a4
Ra7 16. Ne5 Rb7 17. axb5 axb5 18. Ra3 Nd7 19. Nxd7 Bxd7 20. Rfa1 Re8 21. Bd2
Bf8 22. Ra8 Bd6 23. Rxe8+ Bxe8 24. Ne2 Bd7 25. g3 Ra7 26. Rxa7 Qxa7 27. Nc1 Qa1
28. Kg2 Qb1 29. Qa2 Qc2 30. b4 Qxa2 31. Nxa2 Kg7 32. Nc1 Kf6 33. Nd3 Be8 34.
Kf3 Be7 35. h3 h5 36. Ne5 Bd6 37. Nd3 Bf8 38. Be1 Bd6 39. g4 hxg4+ 40. hxg4
fxg4+ 41. Kxg4 Bd7+ 42. Kf3 g5 43. fxg5+ Kxg5 44. Bg3 Bxg3 45. Kxg3 Kf5 46. Kf3
Be8 47. Ne5 Bh5+ 48. Ke3 Be8 49. Nd3 Bh5 50. Nc5 Be8 51. Nb7 Ke6 52. Kf4 Bg6
53. Nc5+ 1-0

[Event "Belleuve Chess 2012"]
[Site "Alcudia ESP"]
[Date "2012.10.20"]
[Round "7.19"]
[White "Navarrete Abraham, Jorge"]
[Black "Martinez Rubio, Felipe"]
[Result "0-1"]
[WhiteElo "1893"]
[BlackElo "1815"]
[PlyCount "27"]
[EventDate "2012.10.14"]
[EventType "swiss"]
[EventRounds "9"]
[EventCountry "ESP"]
[Source "lmi"]
[SourceDate "2012.10.14"]

1. e4 c5 2. d4 cxd4 3. c3 dxc3 4. Nxc3 Nc6 5. Bc4 e6 6. Nf3 Nf6 7. Qe2 Qc7 8.
O-O Ng4 9. Bb3 Nd4 10. g3 Nxe2+ 11. Nxe2 Qb6 12. h3 Nf6 13. Be3 Bc5 14. Ned4
0-1

[Event "Belleuve Chess 2012"]
[Site "Alcudia ESP"]
[Date "2012.10.20"]
[Round "7.20"]
[White "Valarezzo Ricard, Pedro"]
[Black "Abrines Sampol, Lorenzo"]
[Result "1-0"]
[WhiteElo "1888"]
[BlackElo "1707"]
[PlyCount "111"]
[EventDate "2012.10.14"]
[EventType "swiss"]
[EventRounds "9"]
[EventCountry "ESP"]
[Source "lmi"]
[SourceDate "2012.10.14"]

1. d4 Nf6 2. Nf3 d5 3. Bf4 Bf5 4. e3 e6 5. Be2 Nbd7 6. Nbd2 c5 7. Nh4 Bg6 8.
Nxg6 hxg6 9. c3 cxd4 10. exd4 Be7 11. h3 O-O 12. O-O Nb6 13. Re1 Bd6 14. Bg5
Qc7 15. Bf3 Nh7 16. Be3 Bf4 17. Bxf4 Qxf4 18. g3 Qc7 19. Bg2 Rac8 20. Qb3 Qb8
21. Re3 Nf6 22. Rae1 Rfd8 23. f4 Qd6 24. Qd1 Nbd7 25. Qf3 b5 26. b4 Rc6 27. Bf1
a6 28. Nb3 Rb6 29. Nc5 Qc7 30. Bd3 Nxc5 31. bxc5 Rc6 32. g4 Qc8 33. f5 exf5 34.
gxf5 g5 35. Qg3 Nh7 36. Re5 Qb8 37. Qg2 Rh6 38. a3 Nf6 39. R1e3 Nd7 40. Rxd5
Qf4 41. Qe4 Qb8 42. c6 Nf6 43. Rxd8+ Qxd8 44. Qe7 Qxe7 45. Rxe7 Nd5 46. Rd7 Nb6
47. Rd8+ Kh7 48. f6+ g6 49. Bf1 Rh4 50. c7 Rf4 51. Rd6 Nc8 52. Rxa6 Re4 53.
Bxb5 Re6 54. Rxe6 fxe6 55. Bd7 Nb6 56. Bxe6 1-0

[Event "Belleuve Chess 2012"]
[Site "Alcudia ESP"]
[Date "2012.10.20"]
[Round "7.21"]
[White "Trillo-Figueroa Vidal, Antonio"]
[Black "Naranjo Moreno, Jose Javier"]
[Result "0-1"]
[WhiteElo "1809"]
[BlackElo "1894"]
[PlyCount "88"]
[EventDate "2012.10.14"]
[EventType "swiss"]
[EventRounds "9"]
[EventCountry "ESP"]
[Source "lmi"]
[SourceDate "2012.10.14"]

1. e4 d5 2. exd5 Qxd5 3. Nc3 Qa5 4. d4 Nf6 5. Bd2 c6 6. Bd3 Qb6 7. Nge2 Nbd7 8.
a3 e5 9. Be3 Qc7 10. f3 Be7 11. O-O O-O 12. b4 Re8 13. Bc4 Nb6 14. Bb3 exd4 15.
Bf4 Bd6 16. Bxd6 Qxd6 17. Qxd4 Qc7 18. Ne4 Qe5 19. Nxf6+ gxf6 20. Rfe1 Be6 21.
Bxe6 Rxe6 22. Qxe5 fxe5 23. Ng3 Rd8 24. Rad1 Rd5 25. Rxd5 cxd5 26. b5 f6 27.
Nf5 Re8 28. h4 Rd8 29. h5 Kf7 30. Nh6+ Ke6 31. f4 e4 32. f5+ Ke7 33. Re3 Rd7
34. Rg3 Kd6 35. Ng4 Rf7 36. h6 d4 37. Kf1 Nd5 38. Ke1 Rc7 39. Nf2 Ke5 40. Rg7
Kxf5 41. Rxc7 Nxc7 42. a4 Kf4 43. Ke2 Nd5 44. g3+ Kf5 0-1

[Event "Belleuve Chess 2012"]
[Site "Alcudia ESP"]
[Date "2012.10.20"]
[Round "7.22"]
[White "Correia, Sandra Ventura"]
[Black "Nadal Bestard, Sebastia"]
[Result "1-0"]
[WhiteElo "1797"]
[BlackElo "1851"]
[PlyCount "87"]
[EventDate "2012.10.14"]
[EventType "swiss"]
[EventRounds "9"]
[EventCountry "ESP"]
[Source "lmi"]
[SourceDate "2012.10.14"]

1. e4 e5 2. Nf3 d6 3. d4 exd4 4. Bc4 Be7 5. Qxd4 Nf6 6. O-O O-O 7. Nc3 Nc6 8.
Qd3 Ng4 9. Qe2 Nge5 10. Nxe5 Nxe5 11. Bb3 a6 12. Bf4 Nc6 13. Rad1 Be6 14. Bxe6
fxe6 15. Qg4 Rf6 16. e5 Rg6 17. Qh3 d5 18. Rfe1 Bg5 19. Bg3 Qf8 20. Ne2 Qb4 21.
f4 Be7 22. c3 Qxb2 23. Rb1 Qxa2 24. Rxb7 Bc5+ 25. Bf2 Bxf2+ 26. Kxf2 Rf8 27.
Kg1 Qa5 28. Qe3 Nd8 29. Rb2 c5 30. Reb1 Qc7 31. Rb8 a5 32. R8b5 d4 33. cxd4
cxd4 34. Nxd4 Qf7 35. Ne2 a4 36. Qa3 Qf5 37. Qxa4 Qd3 38. R1b2 Qe3+ 39. Kh1 Qf2
40. Qe4 Qh4 41. g3 Qe7 42. Rb8 Qc5 43. Qa8 Qc4 44. Rxd8 1-0

[Event "Belleuve Chess 2012"]
[Site "Alcudia ESP"]
[Date "2012.10.20"]
[Round "7.23"]
[White "Hidalgo Maireles, Juan Carlos"]
[Black "Ballester Cladera, Antonio"]
[Result "0-1"]
[WhiteElo "1811"]
[BlackElo "1770"]
[PlyCount "126"]
[EventDate "2012.10.14"]
[EventType "swiss"]
[EventRounds "9"]
[EventCountry "ESP"]
[Source "lmi"]
[SourceDate "2012.10.14"]

1. d4 f5 2. c4 Nf6 3. Nf3 g6 4. b4 Bg7 5. Bb2 d6 6. e3 O-O 7. Be2 Be6 8. O-O
Kh8 9. Nbd2 Nbd7 10. Qc2 c5 11. dxc5 dxc5 12. b5 Qc7 13. Rfd1 Rad8 14. Bc3 Bg8
15. a4 b6 16. a5 Rfe8 17. axb6 axb6 18. Ra6 Ra8 19. Rda1 Rxa6 20. Rxa6 e5 21.
Qa2 e4 22. Nh4 Ne5 23. g3 Qd6 24. Ra8 Rxa8 25. Qxa8 Nfg4 26. Qa1 Nh6 27. f4
exf3 28. Nhxf3 Nhf7 29. Kf2 Ng4+ 30. Kg1 Bxc3 31. Qxc3+ Qf6 32. Qxf6+ Nxf6 33.
h3 Nd6 34. Ne5 Kg7 35. Kg2 Kf8 36. Kf3 Ke7 37. g4 fxg4+ 38. Nxg4 g5 39. e4 Nxg4
40. hxg4 Kf6 41. Ke3 Nf7 42. Nf3 Ne5 43. Nxe5 Kxe5 44. Bd3 Be6 45. Be2 h6 46.
Kd3 Kf4 47. e5 Kxe5 48. Ke3 Bf7 49. Bf1 h5 50. gxh5 Bxh5 51. Bd3 Bf7 52. Bf1
Be6 53. Kd3 g4 54. Ke3 g3 55. Kd3 Bf5+ 56. Ke3 Be4 57. Bh3 g2 58. Kf2 Kd4 59.
Be6 g1=Q+ 60. Kxg1 Bd3 61. Kf2 Bxc4 62. Bd7 Kc3 63. Ke3 Kb4 0-1

[Event "Belleuve Chess 2012"]
[Site "Alcudia ESP"]
[Date "2012.10.20"]
[Round "7.24"]
[White "Carranza Pons, Ricardo Nelson"]
[Black "Perez Prieto, German"]
[Result "1-0"]
[WhiteElo "1718"]
[BlackElo "1872"]
[PlyCount "101"]
[EventDate "2012.10.14"]
[EventType "swiss"]
[EventRounds "9"]
[EventCountry "ESP"]
[Source "lmi"]
[SourceDate "2012.10.14"]

1. d4 Nf6 2. Nf3 d5 3. Bf4 e6 4. e3 Be7 5. Bd3 Nbd7 6. Nbd2 c5 7. c3 a6 8. Ne5
cxd4 9. cxd4 Nxe5 10. dxe5 Nd7 11. Qh5 g6 12. Qg4 Nc5 13. Bc2 Bd7 14. O-O Bb5
15. Rfd1 Bd3 16. Bxd3 Nxd3 17. Bg3 Rc8 18. Nf3 Nc5 19. e4 Nxe4 20. h4 Nxg3 21.
Qxg3 Rc2 22. Qf4 O-O 23. Ng5 Bxg5 24. hxg5 Rxb2 25. Rd3 Qb6 26. Rh3 Rb4 27. Qf6
Rb1+ 28. Rxb1 Qxb1+ 29. Kh2 Qf5 30. Rb3 Qxf6 31. gxf6 b5 32. Rc3 Rd8 33. Kg3
Kf8 34. Kf3 Ke8 35. Rc6 d4 36. Ke2 a5 37. Ra6 a4 38. Kd3 g5 39. g4 Rc8 40. Kxd4
Rc4+ 41. Kd3 Rxg4 42. Ra8+ Kd7 43. Ra7+ Kc6 44. Rxf7 h5 45. Rh7 h4 46. Rh6 Kd5
47. f7 Rf4 48. Rf6 Rd4+ 49. Ke3 Re4+ 50. Kf3 Rf4+ 51. Kg2 1-0

[Event "Belleuve Chess 2012"]
[Site "Alcudia ESP"]
[Date "2012.10.20"]
[Round "7.25"]
[White "Deiana, Giacomo"]
[Black "Alfven, Jorgen"]
[Result "1/2-1/2"]
[WhiteElo "1687"]
[BlackElo "1846"]
[PlyCount "94"]
[EventDate "2012.10.14"]
[EventType "swiss"]
[EventRounds "9"]
[EventCountry "ESP"]
[Source "lmi"]
[SourceDate "2012.10.14"]

1. c4 e5 2. g3 Nc6 3. Bg2 Nf6 4. Nc3 g6 5. d3 Bg7 6. Nf3 d6 7. O-O O-O 8. Rb1
Nd4 9. Bg5 Ne6 10. Bd2 Nh5 11. Qc1 c6 12. Bh6 f5 13. Bxg7 Kxg7 14. e3 Qe7 15.
b4 g5 16. Ne2 g4 17. Nd2 Ng5 18. Qc3 Kg8 19. b5 Bd7 20. d4 e4 21. Nf4 Nxf4 22.
exf4 Ne6 23. bxc6 bxc6 24. Rb7 Rfc8 25. Rfb1 Nd8 26. R7b2 h5 27. Nf1 Qf6 28.
Qd2 Kg7 29. Ne3 Kg6 30. Bf1 Be6 31. d5 cxd5 32. cxd5 Bf7 33. Ba6 Rc5 34. Rc2
Rxc2 35. Qxc2 Qd4 36. Qc7 Qf6 37. a4 Bg8 38. Bb5 a6 39. Bc4 Nf7 40. Qb7 Qd8 41.
Bxa6 h4 42. Qc6 h3 43. Bb5 Rc8 44. Qd7 Qxd7 45. Bxd7 Rc5 46. Kf1 Nh6 47. Be6
Kf6 1/2-1/2

[Event "Belleuve Chess 2012"]
[Site "Alcudia ESP"]
[Date "2012.10.20"]
[Round "7.27"]
[White "Maseda Iglesias, Luis"]
[Black "Ramis Sebastia, Jordi Salvador"]
[Result "1-0"]
[WhiteElo "1741"]
[BlackElo "1675"]
[PlyCount "53"]
[EventDate "2012.10.14"]
[EventType "swiss"]
[EventRounds "9"]
[EventCountry "ESP"]
[Source "lmi"]
[SourceDate "2012.10.14"]

1. d4 d5 2. Nf3 Nf6 3. e3 e6 4. Bd3 c5 5. b3 Nc6 6. O-O Bd6 7. Bb2 Qc7 8. a3
O-O 9. dxc5 Be7 10. b4 e5 11. Be2 e4 12. Nd4 Ne5 13. Nd2 Neg4 14. g3 Bd7 15. c4
Nh6 16. cxd5 Nxd5 17. Nxe4 Bh3 18. Re1 Qe5 19. Bf3 Rad8 20. Qe2 Qc7 21. Rac1
Rfe8 22. Nb5 Qb8 23. Ned6 Rf8 24. Bxd5 a6 25. Nd4 Bxd6 26. cxd6 Rxd6 27. Bf3
1-0

[Event "Belleuve Chess 2012"]
[Site "Alcudia ESP"]
[Date "2012.10.20"]
[Round "7.28"]
[White "Nin Serres, Pere"]
[Black "Rodriguez Bennassar, Miquel"]
[Result "1-0"]
[WhiteElo "1732"]
[BlackElo "1457"]
[PlyCount "61"]
[EventDate "2012.10.14"]
[EventType "swiss"]
[EventRounds "9"]
[EventCountry "ESP"]
[Source "lmi"]
[SourceDate "2012.10.14"]

1. d4 Nf6 2. c4 c5 3. Nf3 d6 4. e3 g6 5. Nc3 Bg7 6. dxc5 O-O 7. cxd6 exd6 8.
Be2 Nc6 9. O-O Be6 10. Rb1 a6 11. b3 Qc7 12. Qc2 Rad8 13. Rd1 Nb4 14. Qd2 d5
15. Nd4 Ne4 16. Nxe4 a5 17. a3 Na6 18. Nc3 dxc4 19. Ncb5 Qe7 20. Bxc4 Bf5 21.
Nxf5 gxf5 22. Qe2 Rxd1+ 23. Qxd1 Rd8 24. Qc2 Nc5 25. Bb2 Bxb2 26. Qxb2 Ne4 27.
Nd4 Qg5 28. Re1 Rd6 29. Nf3 Qh5 30. Qe5 Qg4 31. Qe8+ 1-0

[Event "Belleuve Chess 2012"]
[Site "Alcudia ESP"]
[Date "2012.10.20"]
[Round "7.29"]
[White "Forcadell Escouffier, Albert"]
[Black "Veras Sanz Jose, Antonio"]
[Result "0-1"]
[WhiteElo "1554"]
[BlackElo "1712"]
[PlyCount "71"]
[EventDate "2012.10.14"]
[EventType "swiss"]
[EventRounds "9"]
[EventCountry "ESP"]
[Source "lmi"]
[SourceDate "2012.10.14"]

1. d4 d5 2. Nf3 Nf6 3. e3 Nc6 4. a3 Bg4 5. Be2 e6 6. Nbd2 Bd6 7. c4 dxc4 8.
Nxc4 O-O 9. Nxd6 cxd6 10. O-O Rc8 11. b3 Qb6 12. Rb1 Ne4 13. Bb2 Na5 14. Qd3
Bf5 15. Nh4 Nxf2 16. Qb5 Qxb5 17. Bxb5 Bxb1 18. Rxf2 Rc2 19. Rxc2 Bxc2 20. b4
Nc6 21. Bc3 a6 22. Be2 Be4 23. Kf2 Rc8 24. Nf3 Na7 25. Nd2 Bxg2 26. Kxg2 Rxc3
27. Nc4 Rc2 28. Kf3 d5 29. Nb6 Nb5 30. Na4 Nc3 31. Nxc3 Rxc3 32. a4 g5 33. b5
axb5 34. Bxb5 b6 35. h3 h5 36. h4 0-1

[Event "Belleuve Chess 2012"]
[Site "Alcudia ESP"]
[Date "2012.10.20"]
[Round "7.32"]
[White "Gibert Rossello, Antonio"]
[Black "Febrero Perez, Lluis"]
[Result "0-1"]
[WhiteElo "1564"]
[BlackElo "1597"]
[PlyCount "54"]
[EventDate "2012.10.14"]
[EventType "swiss"]
[EventRounds "9"]
[EventCountry "ESP"]
[Source "lmi"]
[SourceDate "2012.10.14"]

1. d4 Nf6 2. c4 g6 3. Nc3 d5 4. Nf3 Bg7 5. e3 O-O 6. Be2 b6 7. O-O Bb7 8. cxd5
Nxd5 9. Bd2 e6 10. Qc1 Nd7 11. a3 c5 12. b4 Rc8 13. bxc5 bxc5 14. Rb1 Ba8 15.
Qe1 cxd4 16. Nxd4 Qa5 17. Ncb5 Qa4 18. Nd6 Rb8 19. Bb5 Qxa3 20. Bxd7 Qxd6 21.
Bb5 Ne7 22. Qe2 Qd5 23. f3 Bxd4 24. exd4 Rxb5 25. Rfe1 Rxb1 26. Rxb1 Qxd4+ 27.
Be3 Qe5 0-1

[Event "Belleuve Chess 2012"]
[Site "Alcudia ESP"]
[Date "2012.10.20"]
[Round "8.1"]
[White "Asensio Ramos, Enrique Fernando"]
[Black "Melderis, Uldis"]
[Result "1/2-1/2"]
[WhiteElo "1858"]
[BlackElo "1958"]
[PlyCount "62"]
[EventDate "2012.10.14"]
[EventType "swiss"]
[EventRounds "9"]
[EventCountry "ESP"]
[Source "lmi"]
[SourceDate "2012.10.14"]

1. d4 d5 2. Bf4 e6 3. e3 Bd6 4. Bg3 c5 5. Nd2 Nf6 6. c3 Nc6 7. Ngf3 Bxg3 8.
hxg3 b6 9. Bb5 Bd7 10. Bxc6 Bxc6 11. Ne5 Qc7 12. f4 Nd7 13. Qg4 Nxe5 14. fxe5
O-O-O 15. O-O-O Rdg8 16. Rdf1 Qe7 17. Rf2 cxd4 18. exd4 Bb5 19. Qf3 Rf8 20. c4
Bc6 21. Re2 Kb7 22. Qg4 f5 23. exf6 Rxf6 24. Rhe1 Re8 25. Qg5 Qc7 26. Re5 Qd7
27. cxd5 Bxd5 28. Ne4 Qc7+ 29. Kb1 Rg6 30. Qe3 Rc8 31. Nc3 Ka8 1/2-1/2